Statistics for Cities by Famous Bands 3.0

Click here to take the quiz!

General Stats

  • This quiz has been taken 22 times
    (5 since last reset)
  • The average score is 7 of 40

Answer Stats

BandCountryCity% Correct
AquaDenmarkCopenhagen
75%
Cold ChiselAustraliaAdelaide
50%
AterciopeladosColombiaBogotá
50%
The Flaming LipsUnited StatesOklahoma City
50%
A-StudioKazakhstanAlmaty
25%
QayaAzerbaijanBaku
25%
Silly FoolsThailandBangkok
25%
Tang DynastyChinaBeijing
25%
Goo Goo DollsUnited StatesBuffalo
25%
PhishUnited StatesBurlington
25%
Dave Matthews BandUnited StatesCharlottesville
25%
O-ZoneMoldovaChișinău
25%
Los TresChileConcepción
25%
Orchestra BaobabSenegalDakar
25%
The ChicksUnited StatesDallas
25%
Jackson 5United StatesGary
25%
Violent FemmesUnited StatesMilwaukee
25%
The DecemberistsUnited StatesPortland
25%
SeetherSouth AfricaPretoria
25%
Bijelo DugmeBosnia and HerzegovinaSarajevo
25%
The HuMongoliaUlaanbaatar
25%
Mashrou' LeilaLebanonBeirut
0%
Riblja ČorbaSerbiaBelgrade
0%
Wet Wet WetScotlandClydebank
0%
Las KetchupSpainCordoba
0%
The CorrsIrelandDundalk
0%
ManáMexicoGuadalajara
0%
Diskoteka AvariyaRussiaIvanovo
0%
SlankIndonesiaJakarta
0%
Biffy ClyroScotlandKilmarnock
0%
Uma2rmanRussiaNizhny Novgorod
0%
KastaRussiaRostov-on-Don
0%
VengaboysNetherlandsRotterdam
0%
TitãsBrazilSão Paulo
0%
KombinaciyaRussiaSaratov
0%
Dewa 19IndonesiaSurabaya
0%
Eiffel 65ItalyTurin
0%
Mumiy TrollRussiaVladivostok
0%
Sektor GazaRussiaVoronezh
0%
AzraCroatiaZagreb
0%

Score Distribution

Percentile by Number Answered

Percent of People with Each Score

Your Score History

You have not taken this quiz since the last reset